Normal view
MARC view
- وعظ وارشاد-اخلاق اسلامية
Entry Topical Term
001 - CONTROL NUMBER
- control field: 39720
003 - CONTROL NUMBER IDENTIFIER
- control field: JO-AjAnu
005 - DATE AND TIME OF LATEST TRANSACTION
- control field: 20230606080613.0
008 - FIXED-LENGTH DATA ELEMENTS
- fixed length control field: 230606|| aca||aabn | a|a d
040 ## - CATALOGING SOURCE
- Original cataloging agency: JO-AjAnu
- Transcribing agency: JO-AjAnu
150 ## - HEADING--TOPICAL TERM
- Topical term or geographic name entry element: وعظ وارشاد-اخلاق اسلامية
670 ## - SOURCE DATA FOUND
- Source citation: Work cat.: (JO-AjAnu)20367: بن محمد، سفيان بن عايش, author 39719, الألفاظ المسمومة